000
00296pab a2200121 454500
008
180718b xxu||||| |||| 00| 0 eng d
100
_a
Gopalaswami, T.V
245
_a
An evaluation of PSUs
650
_a
Public Sector
650
_a
Government Enterprise
773
_a
Financial Express
909
_a
1785
999
_c
1785
_d
1785